Zasadnutie Metropolitnej rady Pravoslávnej cirkvi na Slovensku

Bibliographic Details
Format: Article
Language:Slovak
Subjects:

MARC

LEADER 00000nab a2200000 a 4500
001 vtls000767848
003 SK-MaSNL
005 20260302153115.0
008 180206c2001 xo 0 slo
015 |a SNBRB2001/09-26883 
035 |a CLN000119635 
040 |a SNKBUCL  |b slo  |c SNKBUCL  |e AACR2 
041 0 |a slo 
044 |a xo  |c SK 
080 |a 281.93(437.6):061.3  |2 UDC-MRF-SK2 
245 0 0 |a Zasadnutie Metropolitnej rady Pravoslávnej cirkvi na Slovensku 
610 7 |a Pravoslávna cirkev (Slovensko)  |b Metropolitná rada  |x zasadanie  |y 28.6.2001  |2 snkbucl  |9 847597 
655 7 |a články z novín a časopisov  |2 snkbucl  |9 267496 
773 0 |x 0139-9012  |t Odkaz sv. Cyrila a Metoda  |g Roč. 47, č. 7 (2001), s. 29 
850 |a Slovenská národná knižnica v Martine 
852 |a SNK  |b KIS3GCP 
958 |a RBX 
999 |c 1364421  |d 1366351